000 00334 a2200157 4500
001 154852
040 _cEscola São Tomás de Aquino
100 _aPORTO, Cristina
240 1 0 _aImagens do Sertão
_lpor
245 1 0 _aImagens do Sertão
300 _a52
362 0 _a2003
440 1 _aFTD
697 _aCIÊNCIAS
942 _cBK
999 _c154852
_d154852